Estudio de Opinión Pública Unimer RI - La Nación mayo - junio 2000: efectuada entre el 22 y el 31 de mayo /

Đã lưu trong:
Chi tiết về thư mục
Tác giả chính: Paniagua, Carlos G.
Tác giả của công ty: Unimer Research International
Tác giả khác: García S, Cathalina
Định dạng: Texto
Được phát hành: San José: Unimer
Những chủ đề:
Các nhãn: Thêm thẻ
Không có thẻ, Là người đầu tiên thẻ bản ghi này!

MARC

LEADER 00000 a a2200000 04500
001 27707
003
040
090 |a 185906  |b ENCUESTA  
100 |a Paniagua, Carlos G.  
110 |a Unimer Research International  
245 |a Estudio de Opinión Pública Unimer RI - La Nación mayo - junio 2000: efectuada entre el 22 y el 31 de mayo /  |c Carlos G. Paniagua  
260 |a San José:   |b Unimer  
300 |a 85 p. y s.p; 2 vol.   |b **no definido**   |b fonodiscos  
650 |a MOVIMIENTOS SOCIALES  
650 |a PARTICIPACION SOCIAL  
650 |a INSTITUTO COSTARRICENSE DE ELECTRICIDAD  
650 |a NEOLIBERALISMO  
650 |a POLITICA DEL ESTADO  
650 |a ESTADO  
650 |a LEGISLACION  
650 |a DESARROLLO ECONOMICO  
650 |a EMPRESAS PUBLICAS  
650 |a SERVICIOS PUBLICOS  
650 |a PRIVATIZACION  
650 |a COMPETENCIA  
650 |a COMPETITIVIDAD  
650 |a BUROCRA  
650 |a MOVIMIENTOS SOCIALES  
650 |a PARTICIPACION SOCIAL  
650 |a PRIVATIZACION  
700 |a García S, Cathalina  
999 |c 2320  |d 2320